the ultimate canada quiz - Statistics

General Stats
  • This quiz has been taken 213 times
  • The average score is 14 of 24
Answer Stats
Hint Answer % Correct
number of territories 3
93%
times canada has hosted the olympics 3
93%
tallest bulding CN tower
92%
most popular coffee shop tim hortons
91%
capital city ottawa
90%
province between alberta and manitoba saskatchewan
90%
anthem title o' canada
85%
number of nhl teams 7
81%
national winter sport hockey
81%
cheese fries and gravy poutine
81%
smallest province PEI
80%
year of confederation 1867
78%
most popular airline air canada
76%
national summer sport lacrosse
72%
greatest hockey player of all time wayne gretzky
62%
baseball team toronto blue jays
60%
basketball team toronto raptors
56%
first female prime minister Kim campbell
37%
most northern city alert
25%
largest ski resort whistler blackcomb
6%
coaches corner hosts don cherry and ron mclean
5%
another name for jelly doughnut jam buster
2%
most grey cup appearances by this team winnipeg blue bombers
2%
what building is the golden boy on the manitoba legislature building
0%
No matching quizzes found
Score Distribution
Percent of People with Each Score
Percentile by Number Answered
Your Score History
You have not taken this quiz